Soviet bar (Record no. 427761)

000 -LEADER
fixed length control field 00406cam a22001457a 4500
008 - FIXED-LENGTH DATA ELEMENTS--GENERAL INFORMATION
fixed length control field 180718b1959 xxu||||| |||| 00| 0 eng d
082 ## - DEWEY DECIMAL CLASSIFICATION NUMBER
Classification number H9x47 Z13
100 ## - MAIN ENTRY--PERSONAL NAME
Personal name Zaitsev, Y.
245 ## - TITLE STATEMENT
Title Soviet bar
Statement of responsibility, etc. by Y. Zaitsev and A. Poltorak
260 ## - PUBLICATION, DISTRIBUTION, ETC.
Place of publication, distribution, etc. Moscow
Name of publisher, distributor, etc. Foreign Languages
Date of publication, distribution, etc. 1959
300 ## - PHYSICAL DESCRIPTION
Extent 254p
650 ## - SUBJECT ADDED ENTRY--TOPICAL TERM
Topical term or geographic name entry element Practice of law --Soviet Union
650 ## - SUBJECT ADDED ENTRY--TOPICAL TERM
Topical term or geographic name entry element Lawyers --Soviet Union
700 ## - ADDED ENTRY--PERSONAL NAME
Personal name Poltorak , A.
Holdings
Withdrawn status Lost status Damaged status Not for loan Permanent Location Current Location Date acquired Full call number Barcode Date last seen Price effective from Koha item type
        Indian Institute of Public Administration Indian Institute of Public Administration 2009-11-24 H9x47 Z13 19440 2018-07-21 2018-07-21 Book

Powered by Koha